Le petit larousse illustré 2012

Đã lưu trong:
書目詳細資料
格式: 圖書
語言:Undetermined
出版: Paris Larousse 2011
主題:
標簽: 添加標簽
沒有標簽, 成為第一個標記此記錄!
Thư viện lưu trữ: Trung tâm Học liệu Trường Đại học Cần Thơ
LEADER 00464nam a2200181Ia 4500
001 CTU_175259
008 210402s9999 xx 000 0 und d
020 |c 1649760 
082 |a 443 
082 |b P489 
245 0 |a Le petit larousse illustré 2012 
245 0 |c Larousse 
260 |a Paris 
260 |b Larousse 
260 |c 2011 
650 |a French language,Tiếng Pháp 
904 |i Hải 
980 |a Trung tâm Học liệu Trường Đại học Cần Thơ